Entry Personal Name
Number of records used in: 1
001 - CONTROL NUMBER
003 - CONTROL NUMBER IDENTIFIER
005 - DATE AND TIME OF LATEST TRANSACTION
- control field:
20191224150055.0
008 - FIXED-LENGTH DATA ELEMENTS
- fixed length control field:
870709n| acannaab |n aaa
010 ## - LIBRARY OF CONGRESS CONTROL NUMBER
- LC control number:
n 87932595
040 ## - CATALOGING SOURCE
- Original cataloging agency:
DLC
- Transcribing agency:
DLC
- Modifying agency:
DLC
100 10 - HEADING--PERSONAL NAME
- Personal name:
Gilpin, Jean M.
670 ## - SOURCE DATA FOUND
- Source citation:
Gilpin, R. The political economy of international relations, c1987:
- Information found:
t.p. (Jean M. Gilpin)
670 ## - SOURCE DATA FOUND
- Source citation:
The challenge of global capitalism, 2000:
- Information found:
CIP t.p. (Jean Millis Gilpin)